00481nam a2200157Ia 4500003000900000008004100009020002200050040001600072080001800088100002500106245008300131260004800214300001400262650002200276700002500298IN-BaIIA211028s9999 xx 000 0 eng d a978-0-521-63030-6 cIIA Library a524.3-52bWAR aWard-Thompson, Derek 3aAn introduction to star formationcDerek Ward-Thompson and Anthony P Whitworth aCambridgebCambridge University Pressc2011 axx, 208p. aStars - formation aWhitworth, Anthony P